Foundation design and construction (Record no. 3660)
[ view plain ]
| 000 -LEADER | |
|---|---|
| fixed length control field | 00395nam a22001577a 4500 |
| 008 - FIXED-LENGTH DATA ELEMENTS--GENERAL INFORMATION | |
| fixed length control field | 250524b |||||||| |||| 00| 0 eng d |
| 020 ## - INTERNATIONAL STANDARD BOOK NUMBER | |
| ISBN | 058222697X |
| 100 ## - MAIN ENTRY--AUTHOR | |
| Author | Tomlinson, M.J |
| 245 ## - TITLE STATEMENT | |
| Title | Foundation design and construction |
| 250 ## - EDITION STATEMENT | |
| Edition statement | 6th |
| 260 ## - PUBLICATION, DISTRIBUTION, ETC. (IMPRINT) | |
| Place of publication | Singapore |
| Name of publisher | Longman publishers |
| Date of publication | 1995 |
| 300 ## - COLLATION | |
| Pagination | xii, 536p. |
| Other physical details | ill. |
| 650 ## - TRACINGS | |
| Main Subject | Fundations |
| 942 ## - ADDED ENTRY ELEMENTS (KOHA) | |
| Item type | Books |
| 050 ## - LIBRARY OF CONGRESS CALL NUMBER | |
| Classification number | TA775 |
| Item number | .T66 |
| Source of classification or shelving scheme | Not for loan | Permanent location | Current location | Date acquired | Accession No. | Full call number | Barcode. | Koha item type |
|---|---|---|---|---|---|---|---|---|
| Library of Congress Classification | Engineering Library | Engineering Library | 05/24/2025 | 2023/61050 | TA775.T66 | 2025-2162 | Books | |
| Library of Congress Classification | Engineering Library | Engineering Library | 05/24/2025 | 2023/61050 | TA775.T66 | 2025-2163 | Books | |
| Library of Congress Classification | Engineering Library | Engineering Library | 05/24/2025 | 2023/61050 | TA775.T66 | 2025-2164 | Books | |
| Library of Congress Classification | Engineering Library | Engineering Library | 05/24/2025 | 2023/61050 | TA775.T66 | 2025-2165 | Books |